|
|
|
|
| LEADER |
00000cam a2200000 7i4500 |
| 001 |
0000073721 |
| 005 |
20161016093000.0 |
| 008 |
110615s2011 nju eng |
| 020 |
|
|
|a 111801202X (paperback : alk. paper)
|
| 020 |
|
|
|a 9781118012024 (paperback : alk. paper)
|
| 050 |
0 |
0 |
|a TR263.N5
|b A335 2011
|
| 090 |
0 |
0 |
|a TR263.N5
|b A335 2011
|
| 100 |
1 |
|
|a King, Julie Adair ,
|e author
|
| 245 |
1 |
0 |
|a Nikon D700 for dummies
|c by Julie Adair King
|
| 260 |
|
|
|a Hoboken, New Jersey :
|b Wiley Publishing ,
|c c2011
|
| 300 |
|
|
|a xiv, 384 p. :
|b col. ill. ;
|c 24 cm.
|
| 500 |
|
|
|a Includes index
|
| 505 |
0 |
|
|a 1. Getting the lay of the land -- 2. Choosing basic pictures settings -- 3. Taking great pictures, automatically -- 4. Exploring live view photography and movie making -- 5. Playback mode, viewing, erasing, and protecting photos -- 6. Downloading, printing, and sharing you photos -- 7. Getting creative with exposure and lighting -- 8. Manipulating focus and color -- 9. Putting it all together -- 10. Ten fun and practical retouch menu features -- 11. Ten special-purpose features to explore on a rainy day
|
| 520 |
|
|
|a In your Nikon D7000, you have top-of-the-line features that can make you a better photographer. Don't waste a single one! Learn how to shoot, edit, and share great photos, and move beyond mere snapshots
|
| 650 |
|
0 |
|a Digital cameras
|x Handbooks, manuals, etc.
|
| 650 |
|
0 |
|a Digital photography
|x Handbooks, manuals, etc.
|
| 650 |
|
0 |
|a Nikon digital cameras
|x Handbooks, manuals, etc.
|
| 650 |
|
0 |
|a Photography
|x Digital techniques
|x Handbooks, manuals, etc.
|
| 650 |
|
0 |
|a Single-lens reflex cameras
|x Handbooks, manuals, etc.
|
| 999 |
|
|
|a 1000141670
|b Book
|c OPEN SHELF (30 DAYS)
|e Gong Badak Campus
|